|
|
|
|
| LEADER |
00000nam a2200000Ii 4500 |
| 001 |
DIGDESCL0063 |
| 003 |
NyNyDIG |
| 007 |
cr ||||||||||| |
| 008 |
220816s2012 sp b 00 0spa |
| 006 |
m o d |
| 035 |
|
|
|a (OCoLC)1007168370
|
| 040 |
|
|
|a DGITA
|b eng
|e rda
|e pn
|c DGITA
|
| 041 |
|
|
|a spa
|h ger
|
| 020 |
|
|
|a 9788433036377
|q eBook
|q ePub
|
| 020 |
|
|
|z 9788433025883
|
| 050 |
1 |
4 |
|a HM132 ebook
|
| 100 |
1 |
|
|a Wardetzki, Bärbel,
|e author.
|
| 240 |
1 |
0 |
|a Eitle Liebe.
|l Spanish
|s (Valero and Valero)
|
| 245 |
1 |
3 |
|a El amor vanidoso :
|b cómo fracasan las relaciones narcisistas /
|c Bärbel Wardetzki ; traducción, Alicia Valero y Beatriz Valero.
|
| 264 |
|
1 |
|a Bilbao :
|b Desclée de Brouwer,
|c [2012]
|
| 300 |
|
|
|a 1 online resource.
|
| 336 |
|
|
|a text
|b txt
|2 rdacontent
|
| 337 |
|
|
|a computer
|b c
|2 rdamedia
|
| 338 |
|
|
|a online resource
|b cr
|2 rdacarrier
|
| 347 |
|
|
|a text file
|2 rdaft
|
| 347 |
|
|
|b EPUB
|
| 490 |
1 |
|
|a Colección Serendipity.
|a Serie maior
|
| 504 |
|
|
|a Includes bibliographical references.
|
| 588 |
0 |
|
|a Online resource; title from ePub title page (Digitalia, viewed August 16, 2022)
|
| 650 |
|
0 |
|a Interpersonal attraction.
|
| 650 |
|
0 |
|a Self-esteem.
|
| 650 |
|
0 |
|a Narcissism.
|
| 655 |
|
0 |
|a Electronic books.
|
| 700 |
1 |
|
|a Valero, Alicia,
|e translator.
|
| 700 |
1 |
|
|a Valero, Beatriz,
|e translator.
|
| 700 |
1 |
|
|i Translation of:
|a Wardetzki, Bärbel.
|t Eitle Liebe.
|
| 791 |
2 |
|
|a Digitalia (Firm),
|e editor.
|
| 793 |
0 |
|
|g Digitalia eBook Collection:
|a Desclée de Brouwer.
|
| 776 |
0 |
8 |
|i Print version:
|a Wardetzki, Bärbel.
|s Eitle Liebe. Spanish (Valero and Valero).
|t Amor vanidoso.
|d Bilbao : Desclée de Brouwer, [2012]
|z 9788433025883
|
| 830 |
|
0 |
|a Colección Serendipity.
|p Serie maior.
|
| 856 |
4 |
0 |
|3 Digitalia Hispánica
|u https://www.digitaliapublishing.com/a/84124/
|
| 910 |
|
|
|a Premium collection: 2022
|